000 00714nam a2200217Ia 4500
008 130821s1928 sp gr spa
040 _aCo-BoUCM
_bspa
041 0 0 _aspa
100 1 _aBordeaux, Enrique
_d1870-1963
_9148632
245 1 3 _aEl miedo de vivir
_cEnrique Bordeaux ; traducción de Juan Gil Angulo
260 _aBarcelona (España)
_bGustavo Gili
_c1928
300 _a318 páginas
490 0 _aBiblioteca emporium
_v12
500 _aIncluye índice.
650 _aLiteratura francesa
_97794
650 _aLiteratura
_918599
650 _aNovela francesa
_920506
700 1 _aGil Angulo, Juan
_etrad.
_9169748
942 _cLIBRO
_a18
_e1
_mB727m
_2DEWEY
_h843.8
999 _c77546
_d77546